000 00467nam a2200193Ia 4500
003 GCL
008 140319s9999 xx 000 0 aRus d
040 _aGCL /
_cGCL
082 0 4 _a863
_bB B
100 1 _aBAROJA, PIO
245 1 0 _aLA BUSCA /
_cBAROJA, PIO
260 _a[S.N] :
_bEDITORIAL CARO RAGGIO ،
_c1972
300 _a302
650 0 4 _aLITERATURE
650 0 4 _aFICTION
650 0 4 _aSPANISH LITERATURE
650 0 4 _aSPANISH FICTION
942 _2ddc
_cBK
999 _c12812
_d12812